000 00459nam a2200169 a 4500
005 20140310183257.0
008 970101s19uu xx 00 eng d
020 _a0140620850
050 _aPR 5618
_b.T363 1994
100 _aThackeray, William Makepeace
245 _aVanity fair /
_cWilliam Makepeace Thackeray.
260 _aNew York :
_bPenguin Books,
_c1994.
300 _a672 p. :
_c18 cm.
650 _aFiction
942 _cBK
_2lcc
999 _c20882
_d20882